01230nam a2200313 a 4500001001200000003000800012006001900020007001500039008004100054010001700095020004300112020002700155040002100182035002100203050002200224082001500246100002400261245012800285260003300413300001600446440004600462504005100508533015200559600001600711655002900727710001700756856012600773999001700899ebr10728919CaPaEBRm o u cr cn|||||||||130501s2013 mau sb 001 0deng d z 2013010237 z9783110306279 (hardcover : alk. paper) z9783110306507 (e-book) aCaPaEBRcCaPaEBR a(OCoLC)85265594914aB243b.C67 2013eb04a182/.22231 aCornelli, Gabriele.10aIn search of Pythagoreanismh[electronic resource] :bPythagoreanism as an historiographical category /cGabriele Cornelli. aBoston :bDe Gruyter,c2013. axiv, 228 p. 0aStudia praesocratica,x1869-7143 ;vBd. 4 aIncludes bibliographical references and index. aElectronic reproduction.bPalo Alto, Calif. :cebrary,d2013.nAvailable via World Wide Web.nAccess may be limited to ebrary affiliated libraries.00aPythagoras. 7aElectronic books.2local2 aebrary, Inc.40uhttp://site.ebrary.com/lib/rucke/Doc?id=10728919zAn electronic book accessible through the World Wide Web; click to view c37423d37423